'L' Television Characters Quiz Stats

 Plays Quiz Updated Jun 24, 2017

Support Sporcle.
Go Orange.
Score 0/20 Timer 05:00
0 Plays Today
% Correct
Lisa Simpson
90.6%
Lucy Ricardo
85.6%
Larry David
80.9%
Lois Griffin
77.9%
Leonard Hofstadter
76.1%
Liz Lemon
71.5%
Leslie Knope
69.2%
Lex Luthor
66.2%
Lily Aldrin
61.3%
Luke Dunphy
54.2%
% Correct
Lilith Sternin
53.8%
Lorelai Gilmore
45.3%
Lucille Bluth
36.8%
Lucas Scott
28.1%
Leroy Jethro Gibbs
24%
Leo Chingkwake
20.5%
Leon Carp
19.3%
Lance Sweets
17.6%
Liam Court
14.4%
Laurie Keller
13.3%

You're not logged in!

Compare scores with friends on all Sporcle quizzes.
OR
Log In
Forgot?

From the Vault

Remove Ads.
Support Sporcle.
Get the best of Sporcle when you Go Orange. This ad-free experience offers more features, more stats, and more fun while also helping to support Sporcle. Thank you for becoming a member.

Show Comments

Extras

Top Quizzes Today


Score Distribution

Your Account Isn't Verified!

In order to create a playlist on Sporcle, you need to verify the email address you used during registration. Go to your Sporcle Settings to finish the process.

Report this User

Report this user for behavior that violates our Community Guidelines.

Details: